Zmeny výškového prírastku analyzovaných bukových stromov rastúcich v blízkosti lokálneho zdroja imisií

Bibliographic Details
Main Author: Brezina, Ladislav (Author)
Format: Article
Language:Slovak
PhysicalDescription:Tab. 2, res. angl., nem., slov., lit. 11 zázn. v češ., nem., slov.
ISBN:8022802867
Subjects:

MARC

LEADER 00000nab a2200000 a 4500
001 vtls000646463
003 SK-MaSNL
005 20260304094915.0
008 250425c1993 xo 0 slo
015 |a SNBRA19rr/mm-uuuuu 
035 |a CL0646602 
035 |a urn:nbn:sk:snk-abab53 
035 |a (urnnbn)urn:nbn:sk:snk:ar-a09o1w 
035 |a (uuid)83db1b45-0169-43a2-8b90-e69b3b85faf3 
040 |a SNKBUCL  |b slo  |c SNKBUCL  |e AACR2 
041 0 |a slo 
044 |a xo  |c SK 
080 |a 630 52:630 1:582.632.2  |2 1981 
080 |a 630 1  |2 1981 
080 |a 582.632.2  |2 1981 
100 1 |a Brezina, Ladislav  |4 aut  |9 9618 
245 1 0 |a Zmeny výškového prírastku analyzovaných bukových stromov rastúcich v blízkosti lokálneho zdroja imisií  |c Ladislav Brezina 
300 |b Tab. 2, res. angl., nem., slov., lit. 11 zázn. v češ., nem., slov. 
650 0 7 |a buk  |2 snkbucl  |9 377515 
650 0 7 |a imisie  |2 snkbucl  |9 14222 
655 7 |a články zo zborníkov  |2 snkbucl  |9 166140 
773 0 |t Acta Facultatis forestalis Zvolen 35  |d Zvolen : Technická univerzita, 1993  |g S. 249-257  |z 8022802867 
850 |a Slovenská národná knižnica 
852 |a Slovenská národná knižnica 
954 |a odborná, vedecká literatúra pôvodná (slovenská)  |2 lita 
958 |a article13 
958 |a OND 
958 |a NB 
958 |a NX 
958 |a RK 
958 |a EUIPO 
999 |c 2829605  |d 2831535